El Duque de Alburquerque en la Batalla de Rocroy (Record no. 163837)
[ view plain ]
| 000 -LEADER | |
|---|---|
| campo de control de longitud fija | 00968nam a22002055i 4500 |
| 001 - NÚMERO DE CONTROL | |
| campo de control | 163837 |
| 003 - IDENTIFICADOR DE NÚMERO DE CONTROL | |
| campo de control | ES-MaACL |
| 005 - FECHA Y HORA DE LA ÚLTIMA TRANSACCIÓN | |
| campo de control | 20251121165958.0 |
| 008 - DATOS DE LONGITUD FIJA--INFORMACIÓN GENERAL | |
| campo de control de longitud fija | 991102s1884 sp |||| |dspa d |
| 040 ## - FUENTE DE CATALOGACIÓN | |
| Centro catalogador/agencia de origen | CCPB | B |
| Lengua de catalogación | spa |
| Centro/agencia transcriptor | CCPB | B |
| 100 1# - ENTRADA PRINCIPAL--NOMBRE DE PERSONA | |
| Nombre de persona | Rodríguez Villa, Antonio, |
| Fechas asociadas al nombre | 1843-1912 |
| 9 (RLIN) | 98860 |
| 245 13 - MENCIÓN DEL TÍTULO | |
| Título | El Duque de Alburquerque en la Batalla de Rocroy |
| Resto del título | : impugnación á un artículo del Duque de Aumale sobre esta batalla y noticia biográfica de aquel personaje / |
| Mención de responsabilidad, etc. | por A. Rodríguez Villa. |
| 260 ## - PUBLICACIÓN, DISTRIBUCIÓN, ETC. | |
| Lugar de publicación, distribución, etc. | Madrid : |
| Nombre del editor, distribuidor, etc. | [s.n.], |
| Fecha de publicación, distribución, etc. | 1884 ( |
| Fabricante | Imprenta de D. G. Hernando) |
| 300 ## - DESCRIPCIÓN FÍSICA | |
| Extensión | 94 p. ; |
| Dimensiones | 20 cm. |
| 600 17 - PUNTO DE ACCESO ADICIONAL DE MATERIA--NOMBRE DE PERSONA | |
| Nombre de persona | Aumale, Henri d'Orléans, |
| Títulos y otros términos asociados al nombre | duc d', |
| Fechas asociadas al nombre | 1822-1897 |
| Fuente del encabezamiento o término | |
| 9 (RLIN) | 157246 |
| 600 17 - PUNTO DE ACCESO ADICIONAL DE MATERIA--NOMBRE DE PERSONA | |
| Nombre de persona | Fernández de la Cueva, Francisco, |
| Títulos y otros términos asociados al nombre | Duque de Alburquerque, |
| Fechas asociadas al nombre | 1619-1676 |
| Fuente del encabezamiento o término | |
| 9 (RLIN) | 157247 |
| 650 #4 - PUNTO DE ACCESO ADICIONAL DE MATERIA--TÉRMINO DE MATERIA | |
| Término de materia o nombre geográfico como elemento de entrada | Rocroi, Batalla de, 1643. |
| 9 (RLIN) | 157248 |
| 852 ## - LOCALIZACIÓN | |
| Ubicación | ES-MaACL |
| Número de control de estantería | T-879-F-3 |
| Nota libre | -- Enc. hol., conservando la cub. original |
| -- | -- Enc. en un vol. facticio |
| Estatus retirado | Estado de pérdida | Estado de daño | No para préstamo | Colección | Biblioteca de origen | Biblioteca actual | Ubicación en estantería | Fecha de adquisición | Total de préstamos | Signatura topográfica completa | Código de barras | Visto por última vez | Precio de reemplazo | Tipo de ítem Koha |
|---|---|---|---|---|---|---|---|---|---|---|---|---|---|---|
| Colección de folletos | Biblioteca del Ateneo de Madrid | Biblioteca del Ateneo de Madrid | Depósito folletos | 17/01/2008 | T-879-F-3 | 1171702 | 23/02/2023 | 23/02/2023 | Folleto |
